Peachounette - Super Mario Bros. Le film (Paroles) - Statistiques

Statistiques générales
  • Ce quiz a été pris 589 fois
  • Le résultat moyen est 49 sur 76
Statistiques - réponses
Paroles % Correct
Peach
99%
Peach
99%
Peach
99%
Peach
99%
Peach
99%
Peach
99%
Peach
99%
Peach
99%
Peach
99%
Peach
99%
Peach
99%
Peach
99%
Peach
99%
Peach
99%
Peach
99%
Peach
99%
Peach
99%
Peachounette
89%
Peachounette
89%
Peachounette
89%
Peachounette
89%
ma
88%
à
86%
à
86%
je
84%
Je
84%
Et
76%
et
76%
de
67%
t'es
66%
trop
66%
cool
65%
fou
64%
Mario
64%
moi
64%
reine
64%
ton
64%
Roi
63%
serai
63%
Luigi
62%
Tu
62%
Tu
62%
mariage
60%
notre
60%
t'adore
57%
Donkey
56%
foule
56%
Kong
56%
écoute
55%
y'aura
55%
Deviens
51%
me
46%
oh
46%
oh
46%
oh
46%
son
44%
amour
43%
mon
43%
tour
43%
Un
42%
Un
42%
Koopa
40%
rends
38%
seras
37%
mienne
35%
Princesse
33%
millier
31%
rien
30%
contre
29%
soldat
29%
jour
27%
certaine
24%
peuvent
23%
sois-en
20%
14%
14%
Aucun quiz correspondant
Distribution des résultats
% des personnes avec chaque résultat
Percentile par nombre de réponses
Votre historique - résultats
Vous n’avez pas pris ce quiz